Gründzüge einer deutschen Grammatik

Saved in:
Bibliographic Details
Main Author: Heidolph, Karl Erich
Format: Book
Language:German
Published: Berlin Akademie 1981
Tags: Add Tag
No Tags, Be the first to tag this record!

MARC

LEADER 00000nam a2200000 4500
001 c131655
005 20041019155252.9
041 0 |a ger 
044 |a DE 
245 1 0 |a Gründzüge einer deutschen Grammatik  |c Karl Erich Heidolph und Koll. 
264 1 |a Berlin  |b Akademie  |c 1981 
300 |a 1028 s. 
100 1 |a Heidolph, Karl Erich